000
00373nam a2200145Ia 4500
008
100122s9999 xx 000 0 und d
082
_b
40868
_a
928
100
_a
गस्ती भीमराव
245
_a
बेरड
260
_b
पारख प्रकाशन
_c
1987
300
_a
330
630
_a
बेरड
730
_a
बेरड
942
_c
BOOK
999
_c
421668
_d
421665